| 000 | 00931nam a22002297a 4500 | ||
|---|---|---|---|
| 999 |
_c21267 _d21267 |
||
| 003 | AR-CdUCM | ||
| 008 | 190320b ||||| |||| 00| 0 spa d | ||
| 040 |
_aMUNICIPALIDAD PROVINCIAL DEL CUSCO _cBIBLIOTECA MUNICIPAL DEL CUSCO |
||
| 082 |
_a512/C23F _bC23F |
||
| 100 |
_aCallo Gutiérrez, Wilian _944422 |
||
| 245 | _aÁlgebra Funciones / | ||
| 260 |
_aCusco ; _bRanis Graf, _c2018. |
||
| 300 |
_a206 Páginas. : _c20 cm. |
||
| 440 |
_aColección Leónidas _944423 |
||
| 505 | _aContenido: Funciones binarias discretas -- Funciones reales de una variable real -- Funciones especiales -- Clases de funciones -- Operaciones con funciones -- Composición de funciones -- Función inversa -- Función exponencial -- Función logarítmica ... | ||
| 650 |
_aÁlgebra _944424 |
||
| 650 |
_aFunciones _920052 |
||
| 650 |
_aFunciones binarias _944430 |
||
| 650 |
_aFunciones especiales _944431 |
||
| 942 |
_2ddc _cLIBROS |
||
| 945 | _aRoel | ||